<?xml version="1.0" encoding="UTF-8"?><?xml-stylesheet type="text/xsl" href="static/style.xsl"?><OAI-PMH xmlns="http://www.openarchives.org/OAI/2.0/" xmlns:xsi="http://www.w3.org/2001/XMLSchema-instance" xsi:schemaLocation="http://www.openarchives.org/OAI/2.0/ http://www.openarchives.org/OAI/2.0/OAI-PMH.xsd"><responseDate>2026-04-26T21:56:38Z</responseDate><request verb="GetRecord" identifier="oai:uvadoc.uva.es:10324/32607" metadataPrefix="marc">https://uvadoc.uva.es/oai/request</request><GetRecord><record><header><identifier>oai:uvadoc.uva.es:10324/32607</identifier><datestamp>2021-06-29T22:27:28Z</datestamp><setSpec>com_10324_38</setSpec><setSpec>col_10324_852</setSpec></header><metadata><record xmlns="http://www.loc.gov/MARC21/slim" xmlns:doc="http://www.lyncode.com/xoai" xmlns:xsi="http://www.w3.org/2001/XMLSchema-instance" xmlns:dcterms="http://purl.org/dc/terms/" xsi:schemaLocation="http://www.loc.gov/MARC21/slim http://www.loc.gov/standards/marcxml/schema/MARC21slim.xsd">
<leader>00925njm 22002777a 4500</leader>
<datafield tag="042" ind1=" " ind2=" ">
<subfield code="a">dc</subfield>
</datafield>
<datafield tag="720" ind1=" " ind2=" ">
<subfield code="a">Iglesias Pérez, Estefanía</subfield>
<subfield code="e">author</subfield>
</datafield>
<datafield tag="260" ind1=" " ind2=" ">
<subfield code="c">2018</subfield>
</datafield>
<datafield tag="520" ind1=" " ind2=" ">
<subfield code="a">Este Trabajo Fin de Grado focaliza en el aprendizaje de la lengua inglesa en Educación Infantil. En primer lugar, dedicamos un apartado a las diversas teorías, modelos y métodos que se ocupan de la temática que nos ocupa. Ahondamos en la metodología Total Physical Response por su significatividad para la enseñanza de lenguas en edades tempranas. Seguidamente, hemos planificado una unidad didáctica haciendo uso de esta metodología.</subfield>
</datafield>
<datafield tag="024" ind2=" " ind1="8">
<subfield code="a">http://uvadoc.uva.es/handle/10324/32607</subfield>
</datafield>
<datafield tag="245" ind1="0" ind2="0">
<subfield code="a">El proceso de enseñanza-aprendizaje del inglés en Educación Infantil. Beneficios del uso de la metodología TPR</subfield>
</datafield>
</record></metadata></record></GetRecord></OAI-PMH>